ASOIAF - The Seven - Statistics

General Stats
  • This quiz has been taken 132 times
  • The average score is 6 of 7
Answer Stats
Answer % Correct
The Mother
100%
The Father
98%
The Warrior
95%
The Maiden
83%
The Smith
82%
The Stranger
82%
The Crone
76%
No matching quizzes found
Score Distribution
Percent of People with Each Score
Percentile by Number Answered
Your Score History
You have not taken this quiz